MES military engineer services L.D.C. stenographer : (Record no. 39143)

MARC details
000 -LEADER
fixed length control field 00694nam a22001937a 4500
005 - DATE AND TIME OF LATEST TRANSACTION
control field 2010080402382.0
010 ## - LCCN (DPL NO)
LC control number ENG-98013
020 ## - INTERNATIONAL STANDARD BOOK NUMBER
International Standard Book Number 9788178128030
Terms of availability 80.00
035 ## - SYSTEM CONTROL NUMBER
System control number EN-81546
037 ## - SOURCE OF ACQUISITION
Source of stock number/acquisition DBAD/PUB
082 ## - DEWEY DECIMAL CLASSIFICATION NUMBER
Classification number 000
100 ## - MAIN ENTRY--PERSONAL NAME
Personal name Gupta's, R.
245 ## - TITLE STATEMENT
Title MES military engineer services L.D.C. stenographer :
Remainder of title recruitment exam
Statement of responsibility, etc by R. Gupta's
260 ## - PUBLICATION, DISTRIBUTION, ETC. (IMPRINT)
Place of publication, distribution, etc New Delhi
Name of publisher, distributor, etc Ramesh Publishing House
Date of publication, distribution, etc 2010
270 ## - ADDRESS
Address 12-H, New Daryaganj Road, Opp. Traffic Kotwali
City New Delhi
Postal code 110002
300 ## - PHYSICAL DESCRIPTION
Extent viii, 40p.
Dimensions 21cm (pbk)
942 ## - ADDED ENTRY ELEMENTS (KOHA)
Source of classification or shelving scheme Dewey Decimal Classification
Item type English Books
Classification part 000
Call number suffix GUP
Holdings
Withdrawn status Lost status Not for loan Collection code Home library Current library Date acquired Source of acquisition Cost, normal purchase price Full call number Barcode Copy number Cost, replacement price Koha item type
    Not For Loan Non-fiction D.B.Act.Division D.B.Act.Division 04/08/2010 DBAD/PUB 80.00 000 GUP EN-81546 1 80.00 English Books

© Delhi Public Library
Hit Counter
free hit counter